MARC details
| 000 -LÍDER |
| campo de controle de tamanho fixo |
01378nam a22003977a 4500 |
| 001 - NÚMERO DE CONTROLE |
| campo de controle |
BR2015002103 |
| 003 - IDENTIFICADOR DO NÚMERO DE CONTROLE |
| campo de controle |
BR-BrBNA |
| 005 - DATA E HORÁRIO DA ÚLTIMA TRANSAÇÃO |
| campo de controle |
20230928104611.0 |
| 007 - CAMPO FIXO DE DESCRIÇÃO FÍSICA--INFORMAÇÃO GERAL |
| campo de controle de tamanho fixo |
ta |
| 008 - CAMPO DE DADOS FIXOS--INFORMAÇÃO GERAL |
| campo de controle de tamanho fixo |
230509b bl.||||| |||| 00| 0 por d |
| 040 ## - FONTE DA CATALOGAÇÃO |
| Instituição da catalogação original |
BR-BrBNA |
| Idioma da catalogação |
por |
| Instituição que transcreveu o registro |
Biblioteca Nacional de Agricultura |
| 041 ## - CÓDIGO DE IDIOMA |
| Código do idioma do texto/trilha sonora ou título diferente |
(Por) |
| 072 ## - CÓDIGO DE CATEGORIA DE ASSUNTO |
| Código de Categoria de Assunto |
H01; H10 |
| Código do objeto |
2110 |
| -- |
1190 |
| 090 ## - NÚMERO DE CHAMADA LOCAL |
| -- |
2110 BR2015002103 |
| 100 1# - ENTRADA PRINCIPAL--NOME PESSOAL |
| Nome pessoal |
Cunha, M.L.A. |
| 110 1# - ENTRADA PRINCIPAL--NOME CORPORATIVO |
| Nome corporativo ou nome da jurisdição |
Universidade Federal Rural da Amazônia, Belém, PA (Brasil) |
| Grau Universitário |
Tese (Doutorado em Ciências Agrárias) |
| 9 (RLIN) |
11201 |
| 110 1# - ENTRADA PRINCIPAL--NOME CORPORATIVO |
| Nome corporativo ou nome da jurisdição |
Empresa Brasileira de Pesquisa Agropecuária, Belém, PA (Brasil) |
| Grau Universitário |
Tese (Doutorado em Ciências Agrárias) |
| 9 (RLIN) |
3832 |
| 245 1# - TÍTULO |
| Título |
Delimitação, dispersão e genética de Conotrachelus humeropictus Fiedler, 1940 (Coleoptera: Curculionidae)e ações em Defesa Sanitária Vegetal |
| 260 3# - PUBLICAÇÃO, DISTRIBUIÇÃO, ETC. |
| Local de publicação, distribuição, etc. |
Belém, PA (Brasil): |
| Data da publicação, distribuição, etc. |
2014. |
| 300 ## - DESCRIÇÃO FÍSICA |
| Extensão |
134 p. |
| 500 ## - NOTA GERAL |
| Nota geral |
Bibliography p. 91-102; Summaries (Eng, Por); 33 illus.; 44 tables.; |
| 650 ## - ASSUNTO--TERMO TÓPICO |
| Cabeçalho tópico ou nome geográfico |
DISPERSÃO |
| 650 ## - ASSUNTO--TERMO TÓPICO |
| Cabeçalho tópico ou nome geográfico |
GENÉTICA |
| 650 ## - ASSUNTO--TERMO TÓPICO |
| Cabeçalho tópico ou nome geográfico |
DISTRIBUIÇÃO GEOGRÁFICA |
| 650 ## - ASSUNTO--TERMO TÓPICO |
| Cabeçalho tópico ou nome geográfico |
CACAU |
| 650 ## - ASSUNTO--TERMO TÓPICO |
| Cabeçalho tópico ou nome geográfico |
CUPUAÇU |
| 650 ## - ASSUNTO--TERMO TÓPICO |
| Cabeçalho tópico ou nome geográfico |
PARÁ |
| 650 ## - ASSUNTO--TERMO TÓPICO |
| Cabeçalho tópico ou nome geográfico |
AMAZÔNIA |
| 650 ## - ASSUNTO--TERMO TÓPICO |
| Cabeçalho tópico ou nome geográfico |
CONTROLE INTEGRADO |
| 650 ## - ASSUNTO--TERMO TÓPICO |
| Cabeçalho tópico ou nome geográfico |
PRAGA DE PLANTA |
| 650 ## - ASSUNTO--TERMO TÓPICO |
| Cabeçalho tópico ou nome geográfico |
COLEOPTERA |
| 650 ## - ASSUNTO--TERMO TÓPICO |
| Cabeçalho tópico ou nome geográfico |
THEOBROMA GRANDIFLORUM |
| 650 ## - ASSUNTO--TERMO TÓPICO |
| Cabeçalho tópico ou nome geográfico |
THEOBROMA CACAO |
| 909 ## - |
| -- |
202309 |
| -- |
Lucia |
| -- |
55 |
| -- |
Lucia Elande |
| 942 ## - ELEMENTOS DE ENTRADA ADICIONADOS (KOHA) |
| Tipo de material Koha |
Livros |